Malos tratos habituales a la mujer (Registro nro. 159000)
[ vista simple ]
| 000 -LEADER | |
|---|---|
| fixed length control field | 01378ny a22003133n 4500 |
| 008 - FIXED-LENGTH DATA ELEMENTS--GENERAL INFORMATION | |
| fixed length control field | 040531s2001 sp d s 000 0 spa c |
| 020 ## - INTERNATIONAL STANDARD BOOK NUMBER | |
| International Standard Book Number | 8476986343 |
| 035 ## - | |
| -- | 374 |
| 040 ## - CATALOGING SOURCE | |
| Original cataloging agency | SpMaUCDE |
| Modifying agency | vLex |
| 040 ## - CATALOGING SOURCE | |
| Original cataloging agency | UMA.RE |
| Modifying agency | vLex |
| 080 ## - | |
| -- | 316.624:316.356.2 |
| 080 ## - | |
| -- | 343.615-055.5/.7(460) |
| 090 ## - | |
| -- | 475 |
| -- | 475 |
| 100 1# - MAIN ENTRY--PERSONAL NAME | |
| Personal name | Falcón Caro, María del Castillo |
| 245 10 - TITLE STATEMENT | |
| Title | Malos tratos habituales a la mujer |
| Medium | [Recurso electrónico] |
| Statement of responsibility, etc | María del Castillo Falcón Caro ;[prólogo, Miguel Polaino Navarrete] |
| 256 ## - | |
| -- | Servicio en línea |
| 260 ## - PUBLICATION, DISTRIBUTION, ETC. (IMPRINT) | |
| Place of publication, distribution, etc | Barcelona : |
| Name of publisher, distributor, etc | J.M. Bosch, |
| Date of publication, distribution, etc | [2001] |
| 300 ## - PHYSICAL DESCRIPTION | |
| Extent | 283 p. ; |
| Dimensions | 22 cm |
| 500 ## - GENERAL NOTE | |
| General note | En la port.: Universidad Externado de Colombia, NO-DO, Ayuntamiento de Sevilla, Delegación de la Mujer |
| 506 1# - RESTRICTIONS ON ACCESS NOTE | |
| Terms governing access | Contenido solo disponible en los productos indicados |
| Authorized users | vLex Global |
| -- | vLex Global (Academic Edition, excluding Law Schools) |
| -- | vLex Global (U.S. Academic Edition, Law Schools) |
| -- | vLex Global (U.S. Academic Edition, excluding Law Schools) |
| -- | vLex Global (Academic Edition, Law Schools) |
| 650 07 - SUBJECT ADDED ENTRY--TOPICAL TERM | |
| Topical term or geographic name as entry element | Violencia de género |
| Source of heading or term | Tesauro vLex |
| 650 07 - SUBJECT ADDED ENTRY--TOPICAL TERM | |
| Topical term or geographic name as entry element | Seguridad social |
| Source of heading or term | Tesauro vLex |
| 650 07 - SUBJECT ADDED ENTRY--TOPICAL TERM | |
| Topical term or geographic name as entry element | Malos tratos |
| Source of heading or term | Tesauro vLex |
| 700 1# - ADDED ENTRY--PERSONAL NAME | |
| Personal name | Polaino Navarrete, Miguel, |
| Relator term | pr |
| 740 0# - | |
| -- | vLex Libros (Servicios en línea) |
| 856 40 - LOCALIZACIÓN Y ACCESO ELECTRÓNICO | |
| Identificador Uniforme del Recurso (URI/URL) | https://app.vlex.com/#/sources/374 |
| 942 ## - | |
| -- | RAA |
| 999 ## - | |
| -- | 159000 |
| -- | 159000 |
No hay ítems disponibles.